00333nam a2200121Ia 45000030006000000080041000060400015000471000017000622450094000792600009001735460012001820050017001940STCL150530s9999 xx 000 0 und d aSTCLcSTCL aNizami, T.A. aMuslim political thought and activity in India during the first half of the 19 th century c1969 aEnglish20220125171450.0